Bienvenue au Catalogue en Ligne des Bibliothèques de l'Universite du Burundi

Conception et implémentation d'une plateforme numérique du suivi et gestion du parc matériel de l'université du Burundi (Record no. 53410)

000 -GUIDE
Champ de contrôle de longueur fixe 00752nam a22001937a 4500
003 - IDENTITÉ DU NUMÉRO DE CONTRÔLE
Champ de contrôle BI-BuBU
008 - ÉLÉMENTS DE LONGUEUR FIXE - RENSEIGNEMENTS GÉNÉRAUX
Champ de contrôle de longueur fixe 260224b ||||| |||| 00| 0 fre d
037 ## - SOURCE D'ACQUISITION
Source d'acquisition et du numéro d'inventaire Don
040 ## - SOURCE DU CATALOGAGE
Organisme qui a effectué le catalogage original BI-BuBU
Organisme qui a effectué la transcription BI-BuBU
Organisme qui a effectué la modification BI-BuBU
041 ## - CODE DE LANGUE
Code de langue du texte/de la piste sonore ou du titre distinct fr
100 ## - VEDETTE PRINCIPALE - NOM DE PERSONNE
Nom de personne MUKESHIMANA Anitta
245 ## - MENTION DU TITRE
Titre Conception et implémentation d'une plateforme numérique du suivi et gestion du parc matériel de l'université du Burundi
Mention de responsabilité, etc. MUKESHIMANA Anitta
260 ## - PUBLICATION, DIFFUSION, ETC. (ADRESSE BIBLIOGRAPHIQUE)
Lieu de publication, diffusion, etc. Bujumbura
Nom de l'éditeur, diffuseur, etc. Université du Burundi, faculté des sciences de l'ingénieur
Date of publication, distribution, etc 2025
300 ## - DESCRIPTION MATÉRIELLE
Collation XIII-70 f
Dimensions 30 cm
502 ## - NOTE DE THÈSE OU MÉMOIRE
Note de thèse Mémoire présente a la faculté des sciences de l'ingénieur(FSI) en vue de l'obtention du grade MASTER en Génie informatique
650 ## - VEDETTE-MATIÈRE - NOM COMMUN
Source du terme BI-BuBU
655 ## - TERME D'INDEXATION - GENRE OU FORME
Source du terme BI-BuBU
942 ## - ÉLÉMENTS D'ENTRÉE ADDITIONNELLE (KOHA)
Source de la classification ou du système de rangement
Type d item koha Memoire
Holdings
Statut de retrait Statut de perte Source de la classification ou du système de rangement Statut de déterioration Exclu du prêt Numéro d item Koha Localisation permanente Localisation actuelle Date d'acquisition Source d'acquisition Nombre de prêts Cote Date last seen Prix en vigueur à partir du Type d item koha
          85266 Bibliothèque Centrale Bibliothèque du Campus Rohero 24/02/2026 Don   675.97 688.77 24/02/2026 24/02/2026 Memoire
© 2019-2026 - Bibliothèques de l'Université du Burundi |Tous droits réservés
home | Pour toute information urgente Contactez nous | tel whatsupp: +25779204313